000 00562nam a2200181 i 4500
001 88459
003 ES-MaACL
005 20230906175850.0
007 t|
008 050104s1965 sp ||||1| spa d
100 1 _aLandivar, Rafael.
_969959
245 1 0 _aRusticatio mexicana
_b: por los campos de México /
_cRafael Landivar ; prólogo, versión y notas de Octaviano Valdés.
260 _aMéxico :
_bJus,
_c1965.
300 _a379 p. ;
_c22 cm.
500 _aEd. bilingüe.
700 1 _aValdés, Octaviano.
_9112515
852 _aES-MaACL
_jA-5946
_bR.93592
999 _c88459
_d88459